书目信息 |
| 题名: |
IBM主机技术一本通
|
|
| 作者: | 吕新民 , 李小文 , 王青萍 编著 | |
| 分册: | ||
| 出版信息: | 北京 电子工业出版社 2017.01 |
|
| 页数: | 25, 1035页 | |
| 开本: | 26cm | |
| 丛书名: | ||
| 单 册: | ||
| 中图分类: | TP338.4 | |
| 科图分类: | ||
| 主题词: | 大型计算机--da xing ji suan ji--基本知识 | |
| 电子资源: | ||
| ISBN: | 978-7-121-30547-4 | |
| 000 | 01011nam0 2200265 450 | |
| 001 | 0109110140 | |
| 005 | 20201109142443.42 | |
| 010 | @a978-7-121-30547-4@dCNY188.00 | |
| 100 | @a20170524e20202017em y0chiy50 ea | |
| 101 | 0 | @achi |
| 102 | @aCN@b110000 | |
| 105 | @aa z 000yy | |
| 106 | @ar | |
| 200 | 1 | @aIBM主机技术一本通@AIBM zhu ji ji shu yi ben tong@f吕新民, 李小文, 王青萍编著 |
| 205 | @a2版 | |
| 210 | @a北京@c电子工业出版社@d2017.01@h2020.04 | |
| 215 | @a25, 1035页@c图@d26cm | |
| 330 | @a本书讲述了IBM主机技术的各个方面,共分30章,包括TSO、ISPF、JCL、VSAM、COBOL、DB2、CICS和常用的MVS主控台命令,通过演示报表(MagicReport)的方法,从实战出发,通过大量的源程序例子讲解了在应用开发过程中需要使用的IBM主机方面的技术。 | |
| 606 | 0 | @a大型计算机@Ada xing ji suan ji@x基本知识 |
| 690 | @aTP338.4@v5 | |
| 701 | 0 | @a吕新民@Alv xin min@4编著 |
| 701 | 0 | @a李小文@Ali xiao wen@4编著 |
| 701 | 0 | @a王青萍@Awang qing ping@4编著 |
| 801 | 0 | @aCN@bBJSZM@c20201103 |
| 905 | @b1213665-6@dTP338.4@e196=2@f2 | |
| IBM主机技术一本通/吕新民, 李小文, 王青萍编著.-2版.-北京:电子工业出版社,2017.01(2020.04) |
| 25, 1035页:图;26cm |
| ISBN 978-7-121-30547-4:CNY188.00 |
| 本书讲述了IBM主机技术的各个方面,共分30章,包括TSO、ISPF、JCL、VSAM、COBOL、DB2、CICS和常用的MVS主控台命令,通过演示报表(MagicReport)的方法,从实战出发,通过大量的源程序例子讲解了在应用开发过程中需要使用的IBM主机方面的技术。 |
| ● |
| 相关链接 |
|
|
|
|
正题名:IBM主机技术一本通
索取号:TP338.4/196=2
 
预约/预借
| 序号 | 登录号 | 条形码 | 馆藏地/架位号 | 状态 | 备注 |
| 1 | 1213665 | 212136650 | 第二样本阅览室/ [索取号:TP338.4/196=2] | 在馆 | |
| 2 | 1213666 | 212136669 | 第三借阅区/ [索取号:TP338.4/196=2] | 在馆 |